| 000 | 00446cam a22001453u 4500 | ||
|---|---|---|---|
| 082 |
_a959.1 _bNIS |
||
| 100 | 1 |
_aNisbet, John. _949969 |
|
| 245 | 1 | 0 |
_aBurma under British Rule - and Before _cNisbet, John. |
| 260 |
_a[S.l.] : _b[s.n.], _c1901. |
||
| 500 | _aTitle from content provider. | ||
| 526 |
_a0 _b0 _c0 _d959_100000000000000_NIS |
||
| 650 |
_aMCE _9379 |
||
| 856 | 4 | 0 | _uhttp://www.columbia.edu/cgi-bin/cul/resolve?clio7846667 |
| 942 |
_2ddc _cBK |
||
| 999 |
_c552709 _d552709 |
||